Writing with style : (رقم التسجيلة. 26439)

تفاصيل مارك
000 -الفاتح
حقل البيانات ثابتة الطول 01145cam a2200337Ia 4500
001 - رقم الضبط
رقم الضبط 8287664
003 - محدد رقم الضبط
رقم الضبط OSt
005 - وقت وتاريخ اخر تعامل مع التسجيلة
رقم الضبط 20150408114104.0
008 - عناصر البيانات ثابتة الطول - معلومات عامة
حقل البيانات ثابتة الطول 100503s2011 cau bf 001 0 eng d
020 ## - الرقم الدولى المعيارى للكتب
الرقم الدولى المعيارى للكتاب 9780840031679 (pbk.)
020 ## - الرقم الدولى المعيارى للكتب
الرقم الدولى المعيارى للكتاب 084003167X (pbk.)
024 ## - معرف معيارى اخر
الرقم او الرمز المعيارى 99940601946
035 ## - رقم ضبط النظام
رقم ضبط النظام (OCoLC)610585586
رقم الضبط الملغى والمتاح (OCoLC)462922642
035 ## - رقم ضبط النظام
رقم ضبط النظام (OCoLC)ocn610585586
035 ## - رقم ضبط النظام
رقم ضبط النظام (NNC)8287664
040 ## - مصدر الفهرسة
وكالة الفهرسة الأصلية IAM
وكالة النسخ IAM
وكالة التعديل IAM
-- BTCTA
-- YDXCP
-- NhCcYBP
050 #4 - رقم طلب مكتبة الكونجرس
رقم التصنيف BF76.8
رقم المادة .S98 2011
082 04 - رقم تصنيف ديوى العشرى
رقم التصنيف 808.06615
رقم الطبعة 22
رقم المادة SLW
100 1# - المدخل الرئيسى - إسم شخصى
الإسم الشخصى Szuchman, Lenore T.,
التواريخ المصاحبة للاسم 1948-
9 (RLIN) 18332
245 10 - بيان العنوان
العنوان Writing with style :
بقية العنوان APA style made easy /
بيان المسئوليه,etc Lenore T. Szuchman.
250 ## - بيان الطبعة
بيان الطبعة 5th ed.
260 ## - PUBLICATION, DISTRIBUTION, ETC. (IMPRINT)
مكان الناشر او الموزع Belmont, CA :
اسم الناشر او الموزع Wadsworth/Cengage Learning,
تاريخ النشر أو التوزيع c2011.
300 ## - الوصف المادى
التعداد xxii, 164 p. ;
أبعاد الوعاء 23 cm.
504 ## - تبصرة ببليوجرافية
تبصرة ببليوجرافية,الخ Includes bibliographical references (p. 155-156) and index.
650 #0 - المدخل الاضافى بالموضوع-مصطلح موضوعى
مصطلح موضوعي أو اسم جغرافي كعنصر مدخل Psychology
التقسيم الفرعي العام Authorship
التقسيم الفرعي الشكلي Style manuals.
9 (RLIN) 18333
650 #0 - المدخل الاضافى بالموضوع-مصطلح موضوعى
مصطلح موضوعي أو اسم جغرافي كعنصر مدخل Psychological literature
التقسيم الفرعي العام Publishing
التقسيم الفرعي الشكلي Handbooks, manuals, etc.
9 (RLIN) 18334
650 #0 - المدخل الاضافى بالموضوع-مصطلح موضوعى
مصطلح موضوعي أو اسم جغرافي كعنصر مدخل Report writing
التقسيم الفرعي الشكلي Handbooks, manuals, etc.
9 (RLIN) 4073
942 ## - عناصر المدخل الإضافي( كوها)
مصدر التصنيف او مخطط الترفيف Dewey Decimal Classification
Koha [default] item type DVD
948 1# - معلومات معالجة محلية جزء السلاسل(OCLC); DESIGNATOR (RLIN)
Series part designator, SPT (RLIN) 20110119
b (OCLC) c
c (OCLC) sl13
d (OCLC) MPS
المقتنيات
حالة الفقد نموذج السعر الفعال حالة تلف ليس للاعارة رقم الطلب تاريخ الاكتساب الموقع الحالي الباركود الفرع الرئيسي Date last seen نوع المادة فى نظام كوها مصدر التصنيف او خطة الترفيف Total Checkouts
  2013-03-10     808.06615 SLW 2012-12-24 المكتبة المركزية بالمجمعة (CL) 00401272 المكتبة المركزية بالمجمعة (CL) 2013-03-10 كتاب Dewey Decimal Classification  
  2013-03-10     808.06615 SLW 2012-12-24 المكتبة المركزية بالمجمعة (CL) 00401273 المكتبة المركزية بالمجمعة (CL) 2013-03-10 كتاب Dewey Decimal Classification  
  2013-03-10     808.06615 SLW 2013-01-05 المكتبة المركزية بالمجمعة (CL) 00401502 المكتبة المركزية بالمجمعة (CL) 2013-03-10 كتاب Dewey Decimal Classification